| 000 | 01129nam a22003497a 4500 | ||
|---|---|---|---|
| 003 | CHAP | ||
| 005 | 20220329141229.0 | ||
| 008 | 971010s1960 us a r 00010 eng d | ||
| 010 | _a64780 | ||
| 011 | _a65752 | ||
| 035 | _a73060 | ||
| 040 | _cCHAP | ||
| 082 | 0 | 4 |
_a634.967 _bM55 |
| 100 | 0 | 0 |
_aMiller, John Martin. _975783 |
| 245 | 1 |
_aBiology and control of the western pine beetle _b: a summary of the first years of research |
|
| 250 | _a[Rev. ed.] | ||
| 260 |
_aWashington : _bDepartment of Agriculture, _c1960 |
||
| 300 |
_a381 p. _b: ilus |
||
| 490 |
_aMiscellaneous publication _v; 800 |
||
| 590 |
_aBATCH-UPD _b10 _c20130110 _lUCH01 _h2012 |
||
| 590 |
_aBATCH-UPD _b10 _c20130410 _lUCH01 _h1331 |
||
| 590 |
_aBATCH-UPD _b10 _c20130914 _lUCH01 _h1007 |
||
| 590 |
_aCONVERSION _b10 _c20130109 _lUCH01 _h1335 |
||
| 650 | 1 | 4 |
_aÁrboles _xPlagas. _982440 |
| 650 | 1 | 4 |
_aColeópteros. _925123 |
| 700 | 0 |
_aKeen, F. P. _962883 |
|
| 790 | 1 | _aWestern Pine beetle | |
| 830 | 0 |
_aMiscellaneous publication _v; 800 _976163 |
|
| 901 | _aBK | ||
| 942 | _cLIBRO | ||
| 949 |
_a634.967 M55 _bBC _cLIBRO _d33724000236675 _eLIBRO _h23853 _i73060 _si |
||
| 999 |
_c64780 _d64780 |
||